[Event "XIII Miedzynarodowe Mistrzostwa Gdanska"]
[Site "Gdansk"]
[Date "2011.??.??"]
[Round "3.1"]
[White "Cyborowski, Lukasz"]
[Black "Zielinski, Wojciech"]
[Result "1-0"]
[WhiteElo "2537"]
[BlackElo "2097"]
[PlyCount "67"]
[EventDate "2011.??.??"]

1. d4 e6 2. c4 Nf6 3. Nc3 d5 4. cxd5 exd5 5. Bg5 Be7 6. e3 O-O 7. Bd3 Re8 8.
Qc2 h6 9. Bh4 c6 10. Nge2 Ne4 11. Bxe7 Qxe7 12. Bxe4 dxe4 13. Ng3 f5 14. O-O
Na6 15. f3 Nb4 16. Qd2 f4 17. exf4 e3 18. Qd1 Be6 19. Re1 Bc4 20. Nce4 e2 21.
Qd2 Rad8 22. a3 Nd3 23. Rxe2 Qf7 24. f5 Rxd4 25. f6 Red8 26. Nf5 Nc1 27. Qxc1
Bxe2 28. Nxd4 Rxd4 29. Qe3 Rd1+ 30. Rxd1 Bxd1 31. Qxa7 Qc4 32. Qb8+ Kh7 33.
Qxb7 Qd4+ 34. Kh1 1-0

[Event "XIII Miedzynarodowe Mistrzostwa Gdanska"]
[Site "Gdansk"]
[Date "2011.??.??"]
[Round "3.2"]
[White "Wierzbicka, Wiktoria"]
[Black "Grabarczyk, Miroslaw"]
[Result "0-1"]
[WhiteElo "2014"]
[BlackElo "2459"]
[PlyCount "70"]
[EventDate "2011.??.??"]

1. e4 e5 2. Nf3 Nc6 3. Bb5 a6 4. Ba4 Nf6 5. O-O Be7 6. c3 Nxe4 7. Re1 Nc5 8.
Bxc6 dxc6 9. Nxe5 Nd3 10. Nxd3 Qxd3 11. Re3 Qd5 12. d4 Be6 13. Nd2 O-O 14. Nf3
Rad8 15. Qe2 Bf6 16. b3 c5 17. Ba3 cxd4 18. Rd1 Rfe8 19. cxd4 Qb5 20. Qxb5 axb5
21. d5 Bd7 22. d6 cxd6 23. Rxe8+ Bxe8 24. Bb4 Be7 25. Nd4 g6 26. Ne2 f5 27. Rc1
Bf6 28. Nf4 Bc6 29. Rd1 d5 30. Ba5 Ra8 31. b4 d4 32. f3 Kf7 33. Ne2 Ra6 34. Bc7
Rxa2 35. Nxd4 Ra1 0-1

[Event "XIII Miedzynarodowe Mistrzostwa Gdanska"]
[Site "Gdansk"]
[Date "2011.??.??"]
[Round "3.3"]
[White "Sopur, Lech"]
[Black "Marszk, Kazimierz"]
[Result "1-0"]
[WhiteElo "2409"]
[BlackElo "2076"]
[PlyCount "73"]
[EventDate "2011.??.??"]

1. d4 Nf6 2. c4 e6 3. Nf3 d5 4. Nc3 Be7 5. cxd5 exd5 6. Bg5 O-O 7. e3 c6 8. Bd3
Bg4 9. Qc2 h6 10. Bh4 Nbd7 11. h3 Be6 12. g4 c5 13. Rg1 c4 14. Bf5 Ne8 15. g5
h5 16. Ke2 Nc7 17. Bg3 Rc8 18. Bxc7 Qxc7 19. Bxe6 fxe6 20. Qg6 Qb6 21. Rab1 Rf5
22. Nh4 Rcf8 23. Nxf5 exf5 24. Qxh5 Qe6 25. Qf3 Nb6 26. g6 Rf6 27. Qh5 Kf8 28.
Qh8+ Qg8 29. Qxg8+ Kxg8 30. Rg5 Kf8 31. Rbg1 Ke8 32. Rh5 Kd7 33. Rh7 Bf8 34. h4
Ke7 35. h5 Rd6 36. h6 Kf6 37. Rh8 1-0

[Event "XIII Miedzynarodowe Mistrzostwa Gdanska"]
[Site "Gdansk"]
[Date "2011.??.??"]
[Round "3.4"]
[White "Ulanowski, Karol"]
[Black "Khamitskiy, Sergei"]
[Result "1-0"]
[WhiteElo "1938"]
[BlackElo "2316"]
[PlyCount "63"]
[EventDate "2011.??.??"]

1. e4 e6 2. d4 d5 3. Nc3 Bb4 4. e5 c5 5. a3 Bxc3+ 6. bxc3 Qc7 7. Qg4 f5 8. Qg3
Ne7 9. Bd2 O-O 10. Bd3 Nbc6 11. Nf3 Bd7 12. O-O Kh8 13. Qh3 Kg8 14. Rfe1 Nd8
15. dxc5 Qxc5 16. Nd4 Be8 17. Rab1 a6 18. Kh1 Bg6 19. Bg5 Rf7 20. Rb3 Rc8 21.
Be3 Qa5 22. Qh4 b5 23. f4 Qa4 24. Qf2 Nec6 25. Ra1 Rfc7 26. Ne2 Rb7 27. Bb6
Rcb8 28. Bc5 Rc8 29. Bb6 Be8 30. Qg1 Rcb8 31. Rb4 Nxb4 32. cxb4 1-0

[Event "XIII Miedzynarodowe Mistrzostwa Gdanska"]
[Site "Gdansk"]
[Date "2011.??.??"]
[Round "3.5"]
[White "Jaroch, Pawel"]
[Black "Skrochocka, Justyna"]
[Result "1-0"]
[WhiteElo "2250"]
[BlackElo "2041"]
[PlyCount "62"]
[EventDate "2011.??.??"]

1. d4 d5 2. c4 e6 3. Nc3 Nf6 4. cxd5 exd5 5. Bg5 Be7 6. Qc2 O-O 7. e3 c6 8. Bd3
Nbd7 9. Nge2 Re8 10. O-O Ne4 11. Bf4 Nxc3 12. bxc3 Nf6 13. c4 dxc4 14. Bxc4 Nd5
15. Bg3 Be6 16. e4 Nb4 17. Qb3 Bxc4 18. Qxc4 Rc8 19. Rfd1 Qa5 20. f3 Red8 21.
a3 Na6 22. Be1 Qg5 23. Bd2 Qf6 24. Qa4 Rd7 25. Be3 Rcd8 26. Qa5 Qd6 27. Ng3 Qc7
28. Qa4 Bf6 29. Rab1 Qc8 30. Ne2 Qb8 31. Qb3 b6 1-0

[Event "XIII Miedzynarodowe Mistrzostwa Gdanska"]
[Site "Gdansk"]
[Date "2011.??.??"]
[Round "3.7"]
[White "Kempinski, Tomasz"]
[Black "Tyda, Krzysztof"]
[Result "1-0"]
[WhiteElo "2227"]
[BlackElo "2016"]
[PlyCount "49"]
[EventDate "2011.??.??"]

1. e4 c6 2. d4 d5 3. exd5 cxd5 4. c4 Nf6 5. Nc3 g6 6. Nf3 Nc6 7. Bg5 Bg7 8.
Bxf6 Bxf6 9. cxd5 Nb8 10. Bb5+ Bd7 11. O-O O-O 12. Qb3 Qb6 13. a4 a5 14. Ne5
Rd8 15. d6 e6 16. Ne4 Bg7 17. Qf3 Bxe5 18. dxe5 Nc6 19. Nf6+ Kg7 20. Ng4 f5 21.
exf6+ Kf8 22. Qf4 Qd4 23. Qh6+ Ke8 24. Qg7 Qxd6 25. f7+ 1-0

[Event "XIII Miedzynarodowe Mistrzostwa Gdanska"]
[Site "Gdansk"]
[Date "2011.??.??"]
[Round "3.10"]
[White "Dzikowski, Michal"]
[Black "Huseynov, Vusal"]
[Result "0-1"]
[WhiteElo "1706"]
[BlackElo "2178"]
[PlyCount "100"]
[EventDate "2011.??.??"]

1. b3 e5 2. Bb2 Nc6 3. e3 Nf6 4. Nf3 e4 5. Nd4 Ne5 6. Ne6 fxe6 7. Bxe5 Be7 8.
Be2 O-O 9. O-O d6 10. Bb2 e5 11. f4 exf3 12. Bxf3 e4 13. Be2 Qe8 14. Nc3 Qg6
15. Bc4+ Kh8 16. Nd5 Nxd5 17. Rxf8+ Bxf8 18. Bxd5 c6 19. Bc4 d5 20. Bf1 Bd6 21.
g3 Bg4 22. Qe1 Rf8 23. Bg2 h5 24. Kh1 Bc7 25. Qg1 Ba5 26. c3 Be2 27. Re1 Bd3
28. Bf1 Qf5 29. Bxd3 exd3 30. Qg2 Qf2 31. Rg1 Kh7 32. Ba3 Rf7 33. Bd6 g5 34.
Qh3 Qf3+ 35. Qg2 Qf2 36. Qh3 Kg6 37. Qe6+ Qf6 38. Qxf6+ Rxf6 39. Be5 Rf2 40.
Rd1 Kf5 41. Kg1 Re2 42. Bd4 Kg4 43. Bxa7 Kh3 44. Bb8 Rg2+ 45. Kh1 Rxh2+ 46. Kg1
Rg2+ 47. Kh1 Re2 48. a4 Bxc3 49. dxc3 d2 50. Kg1 Re1+ 0-1

[Event "XIII Miedzynarodowe Mistrzostwa Gdanska"]
[Site "Gdansk"]
[Date "2011.??.??"]
[Round "3.11"]
[White "Machlowski, Slawomir"]
[Black "Mucha, Piotr"]
[Result "1-0"]
[WhiteElo "2159"]
[BlackElo "1867"]
[PlyCount "71"]
[EventDate "2011.??.??"]

1. g3 Nf6 2. Bg2 g6 3. c4 Bg7 4. d4 O-O 5. Nc3 d6 6. Nf3 Nc6 7. O-O a6 8. Re1
Re8 9. Rb1 e5 10. d5 Nd4 11. Nd2 Bf5 12. Nde4 b5 13. b3 Rb8 14. Bg5 bxc4 15.
Bxf6 Bxf6 16. bxc4 Rxb1 17. Qxb1 Bg4 18. h3 Bd7 19. e3 Nf5 20. Nxf6+ Qxf6 21.
Qb7 Rc8 22. Qxa6 Qd8 23. Rb1 Rb8 24. Qa7 Rxb1+ 25. Nxb1 Ne7 26. Nc3 Kf8 27. a4
Nc8 28. Qb8 Ke8 29. a5 Ne7 30. Qb4 Qc8 31. c5 dxc5 32. Qxc5 Bxh3 33. Bxh3 Qxh3
34. Qxc7 Qc8 35. Qxe5 Kd7 36. Ne4 1-0

[Event "XIII Miedzynarodowe Mistrzostwa Gdanska"]
[Site "Gdansk"]
[Date "2011.??.??"]
[Round "3.13"]
[White "Olejarczyk, Bogdan"]
[Black "Ciesielski, Tomasz"]
[Result "1-0"]
[WhiteElo "2137"]
[BlackElo "1858"]
[PlyCount "79"]
[EventDate "2011.??.??"]

1. d4 e6 2. Nf3 d5 3. c4 c6 4. Nc3 f5 5. Bf4 Nf6 6. e3 Be7 7. Bd3 O-O 8. Qc2
Ne4 9. g4 Na6 10. a3 Qa5 11. Ke2 Nxc3+ 12. bxc3 dxc4 13. Bxc4 Nc7 14. Bxc7 Qxc7
15. gxf5 Kh8 16. fxe6 b5 17. Bb3 Bb7 18. Qe4 Rad8 19. Ne5 c5 20. d5 Bf6 21. Bc2
g6 22. Nxg6+ hxg6 23. Qxg6 Rxd5 24. Qh6+ Kg8 25. Rhg1+ Bg5 26. Rxg5+ Rxg5 27.
Qxg5+ Qg7 28. Qxg7+ Kxg7 29. Rg1+ Kf6 30. Rg6+ Ke5 31. f4+ Kd5 32. Rg7 Bc6 33.
e7 Rh8 34. Bh7 Kc4 35. f5 Be4 36. f6 Bxh7 37. Rxh7 Rxh7 38. e8=Q Rxh2+ 39. Kf3
Rc2 40. f7 1-0

[Event "XIII Miedzynarodowe Mistrzostwa Gdanska"]
[Site "Gdansk"]
[Date "2011.??.??"]
[Round "3.14"]
[White "Jenczyk, Piotr"]
[Black "Kobus, Sebastian"]
[Result "0-1"]
[WhiteElo "1581"]
[BlackElo "2104"]
[PlyCount "82"]
[EventDate "2011.??.??"]

1. d4 g6 2. Nf3 Bg7 3. c4 d6 4. Bf4 Nf6 5. Nc3 O-O 6. e3 Nbd7 7. Be2 Nh5 8. Bg3
Nxg3 9. hxg3 e5 10. Qc2 exd4 11. Nxd4 Ne5 12. Rd1 Be6 13. Nd5 Bxd5 14. cxd5 c5
15. Nb5 a6 16. Nc3 b5 17. O-O Rc8 18. f4 Nd7 19. Ne4 Qe7 20. Rf3 Rfe8 21. Nc3
f5 22. Re1 Nf6 23. Qc1 Bh8 24. Nd1 Nxd5 25. Bd3 c4 26. Bb1 Nf6 27. Nf2 d5 28.
Qd2 Rcd8 29. Qa5 Rd6 30. Rf1 Re6 31. Qd2 Qc5 32. Bc2 a5 33. a3 b4 34. axb4 axb4
35. b3 c3 36. Qc1 Ne4 37. Nxe4 dxe4 38. R3f2 Rd6 39. Rd1 Red8 40. Re2 Bf6 41.
Ree1 Rd2 0-1

[Event "XIII Miedzynarodowe Mistrzostwa Gdanska"]
[Site "Gdansk"]
[Date "2011.??.??"]
[Round "3.16"]
[White "Reza, Wojciech"]
[Black "Kindler, Przemyslaw"]
[Result "1/2-1/2"]
[WhiteElo "2026"]
[BlackElo "1666"]
[PlyCount "77"]
[EventDate "2011.??.??"]

1. e4 c5 2. Nf3 e6 3. d4 cxd4 4. Nxd4 Nc6 5. Nxc6 bxc6 6. Bd3 d5 7. Nd2 Bc5 8.
O-O Ne7 9. c4 Bb7 10. Qc2 Rc8 11. Nb3 Bb6 12. Bg5 h6 13. Bh4 O-O 14. Kh1 Qd7
15. f4 Ng6 16. Be1 dxe4 17. Bxe4 f5 18. Bd3 c5 19. Qe2 Rce8 20. Bg3 Qc6 21. Nd2
Bc7 22. Qf2 Bxf4 23. Nf3 e5 24. Ne1 Bxg3 25. hxg3 e4 26. Be2 f4 27. gxf4 Nxf4
28. Qe3 Ng6 29. Nc2 Nh4 30. Rxf8+ Rxf8 31. Rf1 Rxf1+ 32. Bxf1 Nf5 33. Qf4 Nd4
34. Ne3 Kh7 35. Qe5 Qc8 36. b4 Ne6 37. Be2 Nd4 38. Bg4 Qd8 39. bxc5 1/2-1/2

[Event "XIII Miedzynarodowe Mistrzostwa Gdanska"]
[Site "Gdansk"]
[Date "2011.??.??"]
[Round "3.18"]
[White "Moszczenski, Milosz"]
[Black "Smalara, Kazimierz"]
[Result "0-1"]
[WhiteElo "1631"]
[BlackElo "1956"]
[PlyCount "52"]
[EventDate "2011.??.??"]

1. e4 c5 2. Nf3 d6 3. d4 cxd4 4. Nxd4 Nf6 5. Nc3 a6 6. Be3 b5 7. f3 Bb7 8. Qd2
Nbd7 9. Be2 e6 10. g4 Ne5 11. g5 Nfd7 12. f4 b4 13. Nd5 exd5 14. fxe5 dxe5 15.
Nb3 d4 16. Bf2 Bxe4 17. Rf1 Be7 18. h4 O-O 19. Rg1 a5 20. h5 Qc7 21. Bd3 Bxd3
22. cxd3 a4 23. Rc1 Qb6 24. Na1 Nc5 25. g6 fxg6 26. hxg6 hxg6 0-1

[Event "XIII Miedzynarodowe Mistrzostwa Gdanska"]
[Site "Gdansk"]
[Date "2011.??.??"]
[Round "3.19"]
[White "Wisniewski, Szymon"]
[Black "Renkowski, Piotr"]
[Result "0-1"]
[WhiteElo "1554"]
[BlackElo "1924"]
[PlyCount "64"]
[EventDate "2011.??.??"]

1. e4 e5 2. Nf3 Nc6 3. Bb5 a6 4. Bxc6 dxc6 5. d4 exd4 6. Qxd4 Qxd4 7. Nxd4 Nf6
8. f3 Bc5 9. Nb3 Bb6 10. Bf4 Be6 11. N1d2 O-O-O 12. Ke2 Nh5 13. Be3 Rhe8 14.
Bxb6 cxb6 15. g3 f5 16. Rad1 Nf6 17. Ke3 Bd5 18. c4 Bf7 19. Kf4 fxe4 20. fxe4
Bxc4 21. Nxc4 Rxe4+ 22. Kf3 Rxc4 23. Rxd8+ Kxd8 24. Rd1+ Ke8 25. Rd2 Kf7 26.
Nd4 Rc1 27. Re2 Rd1 28. Ne6 h6 29. Nf4 g5 30. Ng2 Rf1+ 31. Rf2 Rxf2+ 32. Kxf2
Ne4+ 0-1

[Event "XIII Miedzynarodowe Mistrzostwa Gdanska"]
[Site "Gdansk"]
[Date "2011.??.??"]
[Round "3.21"]
[White "Norov, Artem"]
[Black "Dobrowolski, Henryk"]
[Result "1-0"]
[WhiteElo "1541"]
[BlackElo "1907"]
[PlyCount "53"]
[EventDate "2011.??.??"]

1. d4 Nf6 2. Nf3 g6 3. c4 Bg7 4. Nc3 d5 5. cxd5 Nxd5 6. e4 Nxc3 7. bxc3 O-O 8.
Be2 c5 9. O-O cxd4 10. cxd4 Nc6 11. Be3 Bg4 12. e5 e6 13. h3 Bf5 14. Qa4 Be4
15. Rfd1 a6 16. Rac1 b5 17. Qa3 Re8 18. Bg5 Qb6 19. Qe3 Bd5 20. Rc5 Ne7 21. a3
Nf5 22. Qc3 Bf8 23. Rc7 Bxa3 24. Qxa3 Qxc7 25. g4 Ne7 26. Qe3 Bc4 27. Bf6 1-0

[Event "XIII Miedzynarodowe Mistrzostwa Gdanska"]
[Site "Gdansk"]
[Date "2011.??.??"]
[Round "3.23"]
[White "Antolak, Julia"]
[Black "Rak, Tomasz"]
[Result "0-1"]
[WhiteElo "1509"]
[BlackElo "2067"]
[PlyCount "62"]
[EventDate "2011.??.??"]

1. e4 c6 2. d4 d5 3. Nc3 dxe4 4. Nxe4 Nf6 5. Nxf6+ gxf6 6. h3 Bf5 7. Nf3 Qc7 8.
Be3 Nd7 9. Bd3 Bg6 10. Bxg6 hxg6 11. Qd2 O-O-O 12. O-O-O Nb6 13. Bf4 e5 14.
Nxe5 fxe5 15. Bxe5 Bd6 16. Qe2 Rhe8 17. Qg4+ Re6 18. f4 Nc4 19. Qe2 b5 20. Qf3
Kb8 21. g4 f6 22. f5 gxf5 23. Bxd6 Rexd6 24. gxf5 Rxd4 25. Rxd4 Rxd4 26. Rf1
Qd6 27. Qh5 Rd2 28. Qe8+ Kb7 29. Re1 Rxc2+ 30. Kxc2 Qd2+ 31. Kb3 Qxb2# 0-1

[Event "XIII Miedzynarodowe Mistrzostwa Gdanska"]
[Site "Gdansk"]
[Date "2011.??.??"]
[Round "3.24"]
[White "Szczepaniec, Stanislaw"]
[Black "Rosinski, Michal"]
[Result "1-0"]
[WhiteElo "2075"]
[BlackElo "1398"]
[PlyCount "71"]
[EventDate "2011.??.??"]

1. c4 e5 2. Nc3 Nf6 3. g3 d5 4. cxd5 Nxd5 5. Bg2 Nxc3 6. bxc3 Bc5 7. Nf3 Nc6 8.
Qa4 O-O 9. O-O Bd7 10. Qb5 Bd6 11. Qxb7 Rb8 12. Qa6 Rb6 13. Qa4 Nd4 14. Qd1
Nxf3+ 15. Bxf3 Re8 16. d3 f5 17. Be3 Ra6 18. a4 f4 19. Bd2 fxg3 20. fxg3 Bc5+
21. e3 Bf5 22. Qb3+ Kh8 23. d4 exd4 24. exd4 Bxd4+ 25. cxd4 Qxd4+ 26. Kh1 Qxd2
27. Qb5 Rae6 28. Qxf5 Rf6 29. Qd5 Qxd5 30. Bxd5 Rxf1+ 31. Rxf1 g6 32. Rf6 Re1+
33. Kg2 c5 34. Ra6 Re5 35. Bc4 Re4 36. Bb5 1-0

[Event "XIII Miedzynarodowe Mistrzostwa Gdanska"]
[Site "Gdansk"]
[Date "2011.??.??"]
[Round "3.25"]
[White "Wicikowska, Agata"]
[Black "Grabarczyk, Sylwester"]
[Result "0-1"]
[WhiteElo "1428"]
[BlackElo "1971"]
[PlyCount "130"]
[EventDate "2011.??.??"]

1. e4 g6 2. g3 Bg7 3. Bg2 e5 4. d3 Nf6 5. Nf3 d6 6. Be3 O-O 7. O-O c6 8. Qd2
Ng4 9. Bg5 f6 10. h3 fxg5 11. hxg4 Bxg4 12. Qxg5 Qd7 13. Nbd2 Na6 14. a3 h6 15.
Qe3 g5 16. Nh2 Be6 17. f3 d5 18. Rae1 Nc7 19. Kh1 Rf7 20. Rf2 Nb5 21. g4 Nd4
22. Rc1 Raf8 23. c3 Nb5 24. Qe2 Nc7 25. Ndf1 d4 26. Ng3 Ne8 27. c4 c5 28. Qc2
a5 29. b3 Nf6 30. Rcf1 Kh7 31. Re2 h5 32. Nf5 Kg6 33. Rd2 Rh8 34. Kg1 Bf8 35.
Bh3 Rfh7 36. Rg2 hxg4 37. Bxg4 Kf7 38. Rff2 b6 39. Kf1 Nh5 40. Ke1 Nf4 41. Rg3
Nxd3+ 42. Qxd3 Rxh2 43. Rgg2 Rh1+ 44. Rf1 Kg6 45. Rgf2 Kf6 46. a4 Qh7 47. Rxh1
Qxh1+ 48. Rf1 Qg2 49. Qd2 Qxd2+ 50. Kxd2 Rh2+ 51. Kc1 Ra2 52. Kb1 Rh2 53. Rd1
Bh6 54. Kc1 Bxf5 55. exf5 Re2 56. Rd2 Re1+ 57. Rd1 Re3 58. Kc2 e4 59. fxe4 Rxe4
60. Rg1 Bf8 61. Rg3 Bd6 62. Rg2 Re3 63. Rg1 Bf4 64. Rg2 Ke5 65. Rg1 Bg3 0-1

[Event "XIII Miedzynarodowe Mistrzostwa Gdanska"]
[Site "Gdansk"]
[Date "2011.??.??"]
[Round "3.26"]
[White "Zygmunt, Piotr"]
[Black "Gebler, Szymon"]
[Result "1-0"]
[WhiteElo "1854"]
[BlackElo "1379"]
[PlyCount "27"]
[EventDate "2011.??.??"]

1. e4 e5 2. Bc4 Nf6 3. Nc3 Bc5 4. Nf3 d6 5. d4 exd4 6. Nxd4 Bb4 7. Nde2 O-O 8.
O-O Ng4 9. Bf4 Qf6 10. Nd5 Qxb2 11. Rb1 Qa3 12. Rxb4 Nc6 13. Rb1 Qa5 14. Nec3
1-0

[Event "XIII Miedzynarodowe Mistrzostwa Gdanska"]
[Site "Gdansk"]
[Date "2011.??.??"]
[Round "3.27"]
[White "Bebel, Agnieszka"]
[Black "Sieklucki, Adam"]
[Result "0-1"]
[WhiteElo "1392"]
[BlackElo "1848"]
[PlyCount "82"]
[EventDate "2011.??.??"]

1. e4 e5 2. Nf3 Nc6 3. d4 exd4 4. Nxd4 Bc5 5. Be3 Qf6 6. c3 Nge7 7. Bc4 Ne5 8.
Be2 Qg6 9. Bf3 d5 10. Nd2 Nxf3+ 11. Qxf3 Bg4 12. Qf4 Bd6 13. e5 Bc5 14. f3 Bd7
15. O-O O-O 16. N2b3 Bb6 17. Kh1 a5 18. a4 c6 19. Qg5 Rfe8 20. Rfe1 Qxg5 21.
Bxg5 Ng6 22. f4 h6 23. f5 Nxe5 24. Bf4 Nd3 25. Rf1 Nxb2 26. Ra2 Nd3 27. Bg3 Nc5
28. Nd2 Ne4 29. Nxe4 Rxe4 30. Rd2 f6 31. h3 Rae8 32. Rd3 Re3 33. Rxe3 Rxe3 34.
Be1 c5 35. Nb5 Bxb5 36. axb5 Bc7 37. Bd2 Rd3 38. Rf2 Be5 39. c4 dxc4 40. Bxa5
Rd1+ 41. Rf1 Rxf1# 0-1

[Event "XIII Miedzynarodowe Mistrzostwa Gdanska"]
[Site "Gdansk"]
[Date "2011.??.??"]
[Round "3.29"]
[White "Belczewski, Jacek"]
[Black "Posuniak, Kacper"]
[Result "1-0"]
[WhiteElo "1355"]
[BlackElo "1831"]
[PlyCount "81"]
[EventDate "2011.??.??"]

1. c4 Nf6 2. Nc3 e6 3. Nf3 d5 4. cxd5 exd5 5. d4 c6 6. Bg5 Bf5 7. e3 Be7 8. Bd3
Ne4 9. Bxe7 Qxe7 10. Bxe4 dxe4 11. Ne5 O-O 12. O-O f6 13. Nc4 Be6 14. Nd2 f5
15. b3 Na6 16. a3 Rad8 17. Qc2 Nc7 18. Nc4 c5 19. Rfd1 Nd5 20. Nxd5 Bxd5 21.
Rd2 b5 22. Nb2 Rc8 23. Qd1 c4 24. bxc4 bxc4 25. Na4 f4 26. Nc3 Qg5 27. Nxd5
Qxd5 28. Rc1 f3 29. g3 Rf6 30. Rc3 Rh6 31. Qf1 Qh5 32. h3 Qxh3 33. Qxh3 Rxh3
34. Rdc2 Rc6 35. Rxc4 Rch6 36. Rc8+ Kf7 37. R8c7+ Ke6 38. R2c6+ Kf5 39. Rf7+
Kg4 40. Rxg7+ Kf5 41. g4# 1-0